<?xml version="1.0" encoding="UTF-8"?>
<record
    xmlns:xsi="http://www.w3.org/2001/XMLSchema-instance"
    xsi:schemaLocation="http://www.loc.gov/MARC21/slim http://www.loc.gov/standards/marcxml/schema/MARC21slim.xsd"
    xmlns="http://www.loc.gov/MARC21/slim">

  <leader>03324nam a2200337 a 4500</leader>
  <controlfield tag="003">OSt</controlfield>
  <controlfield tag="005">20250708144058.0</controlfield>
  <controlfield tag="007">cr ||||||a|a|a</controlfield>
  <controlfield tag="008">250624s2025    mx a|||fom||| 001 0 spa d</controlfield>
  <datafield tag="040" ind1=" " ind2=" ">
    <subfield code="e">rda</subfield>
  </datafield>
  <datafield tag="100" ind1="1" ind2=" ">
    <subfield code="a">Rodr&#xED;guez Valdivia, Roberto Carlos</subfield>
    <subfield code="9">190513</subfield>
  </datafield>
  <datafield tag="245" ind1="1" ind2="0">
    <subfield code="a">Identificaci&#xF3;n de pat&#xF3;genos en cultivo  in vitro de T. usneoides a partir de semilla/</subfield>
    <subfield code="c">por  Roberto Carlos Rodr&#xED;guez Valdivia; director de tesis Santos Gerardo Leyva Mir; secretario Edna Fabiola Valdez Hern&#xE1;ndez; vocal Jos&#xE9; Ulises Garc&#xED;a Romero; suplente Calixto Leopoldo Carrillo Fonseca; suplente Moises Camacho Tapia.</subfield>
  </datafield>
  <datafield tag="264" ind1=" " ind2="1">
    <subfield code="a">Chapingo, M&#xE9;xico :</subfield>
    <subfield code="b">El autor,</subfield>
    <subfield code="c">2024.</subfield>
  </datafield>
  <datafield tag="300" ind1=" " ind2=" ">
    <subfield code="a">1 recurso en l&#xED;nea (42 p&#xE1;ginas):</subfield>
    <subfield code="b">cuadros, figuras.</subfield>
  </datafield>
  <datafield tag="336" ind1=" " ind2=" ">
    <subfield code="2">rdacontent</subfield>
    <subfield code="a">texto</subfield>
    <subfield code="b">txt</subfield>
  </datafield>
  <datafield tag="337" ind1=" " ind2=" ">
    <subfield code="2">rdamedia</subfield>
    <subfield code="a">computadora</subfield>
    <subfield code="b">c</subfield>
  </datafield>
  <datafield tag="338" ind1=" " ind2=" ">
    <subfield code="2">rdacarrier</subfield>
    <subfield code="a">recurso en l&#xED;nea</subfield>
    <subfield code="b">cr</subfield>
  </datafield>
  <datafield tag="502" ind1=" " ind2=" ">
    <subfield code="b">IAEPA</subfield>
    <subfield code="c">Parasitolog&#xED;a</subfield>
    <subfield code="d">2024.</subfield>
    <subfield code="g">LIC</subfield>
  </datafield>
  <datafield tag="504" ind1=" " ind2=" ">
    <subfield code="a">Incluye referencias bibliogr&#xE1;ficas: p&#xE1;ginas 27-34.</subfield>
  </datafield>
  <datafield tag="520" ind1=" " ind2=" ">
    <subfield code="a">La colecta desmedida de Tilladsia ustenoides (heno, paxtle o musgo espa&#xF1;ol) as&#xED; como perdida de h&#xE1;bitat natural, est&#xE1; poniendo en riesgo las poblaciones silvestres y perdida de tradiciones al ser utilizada incluso para ejecutar danzas (M&#xE9;xico). De all&#xED; que se busca establecer algunas t&#xE9;cnicas para su producci&#xF3;n legal o conservaci&#xF3;n de germoplasma viable. Por lo que se busc&#xF3; observar su comportamiento durante la germinaci&#xF3;n in vitro, con el fin de obtener explantes inocuos para otros experimentos. En los primeros ensayos se observ&#xF3; contaminaci&#xF3;n en el 100 % de los establecimientos, por lo que se dise&#xF1;aron dos bioensayos. 1. Dise&#xF1;o completamente al azar con cinco tratamientos al medio de cultivo: a) 0.5 y 4 ml. L-1 de Plant Preservative Mixture&#xAE; (PPM), b) 0.5 y 4 ml. L-1 de chitosan y un testigo, todos con 15 g.L-1 de az&#xFA;car, MS (Murashige y Skoog) al 25 %, carb&#xF3;n 2 g.L-1 y agar 5.5 g.L-1. Con los resultados se estableci&#xF3; un segundo bioensayo dise&#xF1;ado como una factorial completamente al azar: factor uno, 250 mg.L-1 chitosan y 2.5 ml.L-1 de PPM, factor dos, cuatro t&#xE9;cnicas de desinfecci&#xF3;n. No se observ&#xF3; contaminaci&#xF3;n en el medio uno al ser combinado con el lavado uno, ni en el medio dos con el lavado cuatro, sin embargo, en el primero se observ&#xF3; el doble de germinaci&#xF3;n. Siendo el mejor tratamiento el medio donde se a&#xF1;adieron 250 mg. L-1 de chitosan y lavado que consisti&#xF3; en remojo con alcohol al 70 % (3 min) y cloro comercial al 5 % (40 min). Con esta t&#xE9;cnica se espera germinar la mayor cantidad de heno para posteriores experimentos &#xFA;tiles para la multiplicaci&#xF3;n y conservaci&#xF3;n de la especie.</subfield>
  </datafield>
  <datafield tag="650" ind1=" " ind2="4">
    <subfield code="a">Tillandsia usneoides</subfield>
    <subfield code="x">Propagaci&#xF3;n</subfield>
    <subfield code="9">190730</subfield>
  </datafield>
  <datafield tag="650" ind1=" " ind2="4">
    <subfield code="a">Tillandsia usneoides</subfield>
    <subfield code="x">Conservaci&#xF3;n</subfield>
    <subfield code="9">190731</subfield>
  </datafield>
  <datafield tag="650" ind1=" " ind2="4">
    <subfield code="a">Hongos fitopat&#xF3;genos</subfield>
    <subfield code="x">Identificaci&#xF3;n</subfield>
    <subfield code="9">131720</subfield>
  </datafield>
  <datafield tag="700" ind1="1" ind2=" ">
    <subfield code="a">Leyva Mir, Santos Gerardo</subfield>
    <subfield code="e">director de tesis.</subfield>
    <subfield code="9">66581</subfield>
  </datafield>
  <datafield tag="700" ind1="1" ind2=" ">
    <subfield code="a">Valdez Hern&#xE1;ndez, Edna Fabiola</subfield>
    <subfield code="9">117278</subfield>
    <subfield code="e">secretario.</subfield>
  </datafield>
  <datafield tag="700" ind1="1" ind2=" ">
    <subfield code="a">Garc&#xED;a Romero, Jos&#xE9; Ulises</subfield>
    <subfield code="9">46550</subfield>
    <subfield code="e">vocal.</subfield>
  </datafield>
  <datafield tag="700" ind1="1" ind2=" ">
    <subfield code="a">Carrillo Fonseca, Calixto Leopoldo</subfield>
    <subfield code="9">19482</subfield>
    <subfield code="e">suplente.</subfield>
  </datafield>
  <datafield tag="700" ind1="1" ind2=" ">
    <subfield code="a">Camacho Tapia, Moises</subfield>
    <subfield code="e">suplente.</subfield>
    <subfield code="9">17710</subfield>
  </datafield>
  <datafield tag="856" ind1=" " ind2=" ">
    <subfield code="u">http://10.13.5.2/tesis/tl/1712321-6_RODRIGUEZ%20VALDIVIA%20ROBERTO%20CARLOS.pdf</subfield>
    <subfield code="z">DESCARGAR PDF</subfield>
  </datafield>
  <datafield tag="942" ind1=" " ind2=" ">
    <subfield code="2">Clasificaci&#xF3;n Universidad Aut&#xF3;noma Chapingo</subfield>
    <subfield code="c">TD</subfield>
  </datafield>
  <datafield tag="999" ind1=" " ind2=" ">
    <subfield code="c">220686</subfield>
    <subfield code="d">220686</subfield>
  </datafield>
  <datafield tag="952" ind1=" " ind2=" ">
    <subfield code="0">0</subfield>
    <subfield code="1">0</subfield>
    <subfield code="2">local</subfield>
    <subfield code="4">0</subfield>
    <subfield code="5">1</subfield>
    <subfield code="7">0</subfield>
    <subfield code="8">TesDigL</subfield>
    <subfield code="a">BD</subfield>
    <subfield code="b">BD</subfield>
    <subfield code="c">E_L</subfield>
    <subfield code="d">2025-06-24</subfield>
    <subfield code="l">0</subfield>
    <subfield code="o">Tesis digital</subfield>
    <subfield code="r">2025-06-24 15:25:34</subfield>
    <subfield code="w">2025-06-24</subfield>
    <subfield code="y">TD</subfield>
  </datafield>
</record>
